BUBT Library Online Catalog

গণপ্রজাতন্ত্রী বাংলাদেশের সংবিধান পাঠ / (Record no. 6677)

000 -LEADER
fixed length control field 00856nam a22002177a 4500
003 - CONTROL NUMBER IDENTIFIER
control field BUBTL
008 - FIXED-LENGTH DATA ELEMENTS--GENERAL INFORMATION
fixed length control field 220405b ||||| |||| 00| 0 eng d
020 ## - INTERNATIONAL STANDARD BOOK NUMBER
International Standard Book Number 9789843496157
082 ## - DEWEY DECIMAL CLASSIFICATION NUMBER
Classification number 342.05492/ Al101g/ 2022
100 ## - MAIN ENTRY--PERSONAL NAME
9 (RLIN) 4541
Personal name আল-অমিন
245 ## - TITLE STATEMENT
Title গণপ্রজাতন্ত্রী বাংলাদেশের সংবিধান পাঠ /
Statement of responsibility, etc. আল-অমিন
250 ## - EDITION STATEMENT
Edition statement 2nd Edn.
260 ## - PUBLICATION, DISTRIBUTION, ETC. (IMPRINT)
Place of publication, distribution, etc. ঢাকা:
Name of publisher, distributor, etc. কথন প্রকাশনী,
Date of publication, distribution, etc. c2022
300 ## - PHYSICAL DESCRIPTION
Extent 464 p.:
Dimensions 20 cm.
505 ## - FORMATTED CONTENTS NOTE
Formatted contents note গণপ্রজাতন্ত্রী বাংলাদেশের সংবিধান পাঠ, আল-অমিন
650 #0 - SUBJECT ADDED ENTRY--TOPICAL TERM
9 (RLIN) 26
Topical term or geographic name as entry element Law
700 ## - ADDED ENTRY--PERSONAL NAME
9 (RLIN) 4542
Personal name তামান্না, ফরিদা
856 ## - ELECTRONIC LOCATION AND ACCESS
Password 0
Logon 0
Link text Download
942 ## - ADDED ENTRY ELEMENTS (KOHA)
Source of classification or shelving scheme
Koha item type Books
Holdings
Withdrawn status Lost status Source of classification or shelving scheme Damaged status Not for loan Collection code Permanent location Current location Shelving location Date acquired Source of acquisition Inventory number Total Checkouts Full call number Barcode Date last seen Copy number Price effective from Koha item type Date last checked out
          Non-fiction Bangladesh University of Business and Technology Library Bangladesh University of Business and Technology Library Law Stacks 03/20/2022 Purchase 28375   342.05492/ Al101g/ 2022 BUBTL-200328375 04/05/2022 C-1 04/05/2022 Books  
          Non-fiction Bangladesh University of Business and Technology Library Bangladesh University of Business and Technology Library Law Stacks 03/20/2022 Purchase 28376 2 342.05492/ Al101g/ 2022 BUBTL-200328376 01/04/2024 C-2 04/05/2022 Books 01/02/2024
          Non-fiction Bangladesh University of Business and Technology Library Bangladesh University of Business and Technology Library Law Stacks 03/20/2022 Purchase 28377 1 342.05492/ Al101g/ 2022 BUBTL-200328377 02/10/2024 C-3 04/05/2022 Books 02/05/2024
        Not For Loan Non-fiction Bangladesh University of Business and Technology Library Bangladesh University of Business and Technology Library Law Stacks 03/20/2022 Purchase 28378   342.05492/ Al101g/ 2022 BUBTL-200328378 04/05/2022 C-4 04/05/2022 Books  
        Not For Loan Non-fiction Bangladesh University of Business and Technology Library Bangladesh University of Business and Technology Library Law Stacks 03/20/2022 Purchase 28379   342.05492/ Al101g/ 2022 BUBTL-200328379 04/05/2022 C-5 04/05/2022 Books  

More Information About Library

Library Hours

  • Open: 9.00 am. to 9.00 pm.
  • Only Sunday: 9.00 am. to 6.00 pm.
  • Closed: Holiday

Contact to the University

Bangladesh University of Business and Technology Library

  • Mirpurl-2, 1216.
  • Phone:
  • Fax:
  • E-Mail: admin.library@bubt.edu.bd

Contact to the Library

Contact Person:

Md. Abdul Hakim Shah
Joint Librarian
PABX No:  113
Cell No: 01816332931
E-mail: official: admin.library@bubt.edu.bd
Personal: hakim.shah@bubt.edu.bd


BUBT Library

Copyright © 2021